| 000 | 00531nam a22001937a 4500 | ||
|---|---|---|---|
| 003 | OSt | ||
| 005 | 20160711182831.0 | ||
| 008 | 160711b xxu||||| |||| 00| 0 eng d | ||
| 020 | _a0727915266 | ||
| 040 | _cDNLM. | ||
| 082 | _aQZ200A31d 2001. | ||
| 100 |
_aEdited by Kerr,J.David;Young,M.Annie,Hobbs,FB.Richard. _910118 |
||
| 245 | _aABC of Colorectal Cancer; | ||
| 260 |
_aLondon. _bBMJ. _c2001. |
||
| 300 |
_avii,39p; _bcol,ill; _c29cm. |
||
| 504 | _aincludes index. | ||
| 650 |
_a Colorectal Cancer _99916 |
||
| 942 |
_2z _cO_SHELF |
||
| 999 |
_c4703 _d4703 |
||